Návrh skladového informačného systému pre veľkoobchod
Na minha lista:
| Autor principal: | |
|---|---|
| Outros Autores: | |
| Formato: | Manuscrito Livro |
| Idioma: | eslovaco |
| Publicado em: |
2016
|
| Assuntos: | |
| Acesso em linha: | http://is.stuba.sk/zp/portal_zp.pl?podrobnosti=105925 |
| Tags: |
Sem tags, seja o primeiro a adicionar uma tag!
|
MARC
| LEADER | 00000ntm a22000003a 4500 | ||
|---|---|---|---|
| 001 | stuzp55236 | ||
| 003 | SK-STU | ||
| 005 | 20160719154721.5 | ||
| 007 | ta | ||
| 008 | 150427s2015----xo-----f-mn---000-0-slo-d | ||
| 040 | |a STU |b slo | ||
| 041 | 0 | |a slo | |
| 100 | 1 | |a Bučány, Patrik |u 066000 |4 aut |U MTF Materiálovotechnologická fakulta |T MTF Ústav aplikovanej informatiky, automatizácie a mechatroniky |X 71671 |U M6000 |Y 86 |7 71671 | |
| 242 | 0 | 1 | |a Design of warehose information system for wholesale business |y eng |
| 245 | 1 | 0 | |a Návrh skladového informačného systému pre veľkoobchod |
| 260 | |c 2016 | ||
| 650 | 4 | |a Informačný systém |2 slo | |
| 650 | 4 | |a Aplikácia |2 slo | |
| 650 | 4 | |a Databáza |2 slo | |
| 650 | 4 | |a Dokumenty |2 slo | |
| 650 | 4 | |a Information system |2 eng | |
| 650 | 4 | |a Aplication |2 eng | |
| 650 | 4 | |a Database |2 eng | |
| 650 | 4 | |a Documents |2 eng | |
| 700 | 1 | |a Špendla, Lukáš |u 066000 |k Z1 |4 ths |U MTF Materiálovotechnologická fakulta |T MTF Ústav aplikovanej informatiky, automatizácie a mechatroniky |X 52333 |U M6000 |Y 86 |7 A000052333 | |
| 856 | 4 | |u http://is.stuba.sk/zp/portal_zp.pl?podrobnosti=105925 | |
| 996 | |c M* BP-7570 |l MMSKP |s P |a 0 |w stuzp55236_0001 | ||
| SQL | |a stuzp55236 |b DBP |c SLO |d Návrh skladového informačného systému pre veľkoobchod |e 71671 |f Bučány, Patrik |g 066000 |h 52333 |i Špendla, Lukáš |j 20160622 |k 168 |l 06 |m http://is.stuba.sk/zp/portal_zp.pl?podrobnosti=105925 |n B-AIA |o 5.2.14. automatizácia, 9.2.9. aplikovaná informatika | ||